[Event "CYCC U12"]
[Site "Quebec CAN"]
[Date "2018.07.04"]
[Round "5.87"]
[White "Ripley, Noah"]
[Black "Kriemadis, Noah"]
[Result "1-0"]
[WhiteElo "1184"]
[BlackElo "771"]
[PlyCount "81"]
[EventDate "2018.07.02"]
[EventType "swiss"]
[EventRounds "7"]
[EventCountry "CAN"]

1. d4 d5 2. Bf4 Bf5 3. e3 Nf6 4. c4 e6 5. Nc3 dxc4 6. Bxc4 c6 7. Nf3 Bd6 8. Be5
Nbd7 9. Bxd6 Ne4 10. Nxe4 Bxe4 11. Bd3 Nf6 12. Bxe4 Qxd6 13. Bd3 O-O 14. O-O c5
15. Qb3 b6 16. Rfd1 Rad8 17. Qa3 Qc7 18. Rac1 Rd5 19. dxc5 bxc5 20. e4 Rh5 21.
h3 Rd8 22. Nd2 g5 23. Rxc5 Qf4 24. Rcc1 g4 25. g3 Qg5 26. h4 Qg7 27. Nb3 Qh6
28. e5 Rxd3 29. Rxd3 Rxe5 30. Rd8+ Kg7 31. Qf8+ Kg6 32. Qxh6+ Kxh6 33. Ra8 Re2
34. Rxa7 Rxb2 35. Rxf7 Ne4 36. Re1 Kg6 37. Rf4 Rxf2 38. Rxf2 Nxf2 39. Kxf2 Kh5
40. a4 h6 41. a5 1-0

[Event "CYCC U12"]
[Site "Quebec CAN"]
[Date "2018.07.04"]
[Round "5.88"]
[White "Taylor, Noah"]
[Black "Desjardins, Alexandre"]
[Result "0-1"]
[WhiteElo "756"]
[BlackElo "979"]
[PlyCount "90"]
[EventDate "2018.07.02"]
[EventType "swiss"]
[EventRounds "7"]
[EventCountry "CAN"]

1. e3 e5 2. d4 e4 3. Nh3 d5 4. Nc3 Nf6 5. Bb5+ Nc6 6. Bxc6+ bxc6 7. f3 exf3 8.
Qxf3 Bg4 9. Qf1 a6 10. g3 Bb4 11. a3 Bxc3+ 12. bxc3 Ne4 13. Bb2 Qf6 14. Qxf6
Nxf6 15. Nf4 Bf3 16. Rf1 Be4 17. Rc1 Rb8 18. Nd3 Bxd3 19. cxd3 Rxb2 20. Rh1 O-O
21. c4 dxc4 22. dxc4 Re8 23. Rc3 Ne4 24. Rd3 Nf2 25. Rd2 Rxd2 26. Kxd2 Nxh1 27.
d5 cxd5 28. cxd5 Nf2 29. Ke2 Ng4 30. Kf3 Nxh2+ 31. Kf4 Nf1 32. e4 Rc8 33. e5 c6
34. Kf5 cxd5 35. e6 fxe6+ 36. Kxe6 d4 37. Kd5 d3 38. Kd4 d2 39. Kd3 d1=Q+ 40.
Ke4 Re8+ 41. Kf4 Nxg3 42. Kxg3 Qf1 43. Kh2 Re2+ 44. Kg3 Rg2+ 45. Kh3 Qh1# 0-1

[Event "CYCC U12"]
[Site "Quebec CAN"]
[Date "2018.07.04"]
[Round "6.60"]
[White "Chen, Max"]
[Black "Zhao, Jeffrey R"]
[Result "1-0"]
[WhiteElo "2028"]
[BlackElo "1833"]
[PlyCount "61"]
[EventDate "2018.07.02"]
[EventType "swiss"]
[EventRounds "7"]
[EventCountry "CAN"]

1. e4 c5 2. Nf3 d6 3. Bb5+ Bd7 4. Bxd7+ Nxd7 5. O-O Ngf6 6. Qe2 Rc8 7. d3 g6 8.
c3 Bg7 9. d4 cxd4 10. cxd4 O-O 11. Nc3 a6 12. a4 Nb6 13. Qd3 Qc7 14. Bg5 Nc4
15. Rab1 Nxb2 16. Rxb2 Qxc3 17. Qxc3 Rxc3 18. Rxb7 Nxe4 19. Bxe7 Re8 20. Re1 d5
21. Bc5 Rc8 22. Bb6 Ra3 23. a5 Ra2 24. Rd7 Rcc2 25. Rxd5 f5 26. Rd8+ Kf7 27. d5
Nxf2 28. Ng5+ Kf6 29. Nxh7+ Kf7 30. Rd7+ Kg8 31. Nf6+ 1-0

[Event "CYCC U12"]
[Site "Quebec CAN"]
[Date "2018.07.04"]
[Round "6.61"]
[White "Li, Kevin"]
[Black "Issani, Nameer"]
[Result "0-1"]
[WhiteElo "1741"]
[BlackElo "2207"]
[PlyCount "106"]
[EventDate "2018.07.02"]
[EventType "swiss"]
[EventRounds "7"]
[EventCountry "CAN"]

1. e4 e5 2. Nf3 Nc6 3. d4 exd4 4. Bc4 Bc5 5. c3 Nf6 6. e5 d5 7. Bb5 Ne4 8. cxd4
Bb4+ 9. Bd2 Bxd2+ 10. Nbxd2 O-O 11. O-O Ne7 12. Re1 Nxd2 13. Qxd2 Bg4 14. Qf4
Qc8 15. h3 Bxf3 16. Qxf3 Qe6 17. Rac1 Rac8 18. b3 Qb6 19. Rc5 Qe6 20. Bd3 b6
21. Rc3 c5 22. Ba6 Rc6 23. Qd1 Rd8 24. g4 f5 25. f3 Qh6 26. Bf1 Qf4 27. dxc5
bxc5 28. Rc4 Qg3+ 29. Bg2 Ng6 30. gxf5 Nf4 31. Rxf4 Qxf4 32. Re4 Qxf5 33. f4
Rg6 34. Ra4 Qxh3 35. Qd2 d4 36. Qc2 Qe3+ 37. Kf1 Qxf4+ 38. Kg1 Qe3+ 39. Qf2
Qxf2+ 40. Kxf2 Rxg2+ 41. Kxg2 d3 42. e6 d2 43. e7 Re8 44. Rxa7 d1=Q 45. Kf2 c4
46. Rc7 c3 47. Rxc3 Qd2+ 48. Kf3 Qxc3+ 49. Ke4 Rxe7+ 50. Kd5 Re5+ 51. Kd6 Qc5+
52. Kd7 Re7+ 53. Kd8 Qc7# 0-1

[Event "CYCC U12"]
[Site "Quebec CAN"]
[Date "2018.07.04"]
[Round "6.62"]
[White "Huang, Youhe"]
[Black "Zheng, Richard"]
[Result "1/2-1/2"]
[WhiteElo "1949"]
[BlackElo "2011"]
[PlyCount "37"]
[EventDate "2018.07.02"]
[EventType "swiss"]
[EventRounds "7"]
[EventCountry "CAN"]

1. e4 e6 2. d4 d5 3. Nc3 Bb4 4. e5 Ne7 5. Qg4 Nf5 6. Nge2 c5 7. dxc5 d4 8. a3
Ba5 9. b4 Bc7 10. Nb5 Bxe5 11. Bf4 f6 12. Bxe5 fxe5 13. f4 e4 14. Ng3 O-O 15.
Nxf5 exf5 16. Bc4+ Kh8 17. Qd1 Nc6 18. Nd6 Qf6 19. O-O 1/2-1/2

[Event "CYCC U12"]
[Site "Quebec CAN"]
[Date "2018.07.04"]
[Round "6.63"]
[White "Kang, Dorian"]
[Black "Zhu, Matthew"]
[Result "1-0"]
[WhiteElo "2098"]
[BlackElo "1668"]
[PlyCount "67"]
[EventDate "2018.07.02"]
[EventType "swiss"]
[EventRounds "7"]
[EventCountry "CAN"]

1. c4 c5 2. Nc3 Nc6 3. Nf3 Nf6 4. d4 cxd4 5. Nxd4 d6 6. e4 a6 7. Be2 e6 8. Be3
Be7 9. O-O O-O 10. Qd2 Qc7 11. Rac1 Bd7 12. b3 Rfc8 13. f3 Ne5 14. Kh1 Ng6 15.
Rfd1 Rab8 16. a4 Qd8 17. g4 Ne8 18. Rg1 Nc7 19. f4 Qf8 20. a5 f5 21. gxf5 exf5
22. exf5 Bxf5 23. Nxf5 Qxf5 24. Bg4 Qf7 25. Bxc8 Rxc8 26. Nd5 Nh4 27. Nxc7 Rxc7
28. Qd5 Qxd5+ 29. cxd5 Rd7 30. Rc8+ Kf7 31. Rgc1 Nf5 32. Bb6 g6 33. R1c7 Rxc7
34. Rxc7 1-0

[Event "CYCC U12"]
[Site "Quebec CAN"]
[Date "2018.07.04"]
[Round "6.64"]
[White "Srinivas, Atharva"]
[Black "Noor Ali, Aahil"]
[Result "1/2-1/2"]
[WhiteElo "1567"]
[BlackElo "2062"]
[PlyCount "123"]
[EventDate "2018.07.02"]
[EventType "swiss"]
[EventRounds "7"]
[EventCountry "CAN"]

1. e4 e5 2. Nf3 Nc6 3. Bb5 a6 4. Ba4 Nf6 5. O-O b5 6. Bb3 d6 7. Re1 Be7 8. h3
O-O 9. c3 Na5 10. Bc2 c5 11. d4 Qc7 12. Nbd2 Bd7 13. d5 Rab8 14. Nf1 Nb7 15.
Ng3 Qd8 16. Bd2 a5 17. a4 b4 18. c4 Ne8 19. b3 Qc8 20. Nh2 Bh4 21. Nhf1 g6 22.
Qe2 Ng7 23. Bh6 Qd8 24. Rad1 Bg5 25. Bxg5 Qxg5 26. Qd2 h6 27. Qxg5 hxg5 28. f3
Kh7 29. Nh2 Nh5 30. Nxh5 gxh5 31. g4 Kg6 32. Kg2 Rh8 33. Rf1 Rh7 34. Rd3 f6 35.
Rf2 Rbh8 36. Nf1 Nd8 37. Bd1 Kg7 38. Nd2 Nf7 39. Be2 Rh6 40. Bf1 R8h7 41. Kg1
Nh8 42. Bg2 Ng6 43. Re3 Nf4 44. Nf1 hxg4 45. hxg4 Rh4 46. Rd2 Kg6 47. Rf2 Nxg2
48. Kxg2 Rh1 49. Rd2 R1h4 50. Rf2 Rh3 51. Rfe2 R3h4 52. Rf2 Re7 53. Rfe2 Reh7
54. Re1 Kf7 55. R1e2 Rh8 56. Rf2 Re8 57. Rfe2 Ke7 58. Rf2 Reh8 59. Rfe2 Rh1 60.
Rf2 R8h3 61. Rfe2 Rh7 62. Re1 1/2-1/2

[Event "CYCC U12"]
[Site "Quebec CAN"]
[Date "2018.07.04"]
[Round "6.65"]
[White "Rusonik, Max"]
[Black "Gao, Raymond"]
[Result "1-0"]
[WhiteElo "1999"]
[BlackElo "1762"]
[PlyCount "125"]
[EventDate "2018.07.02"]
[EventType "swiss"]
[EventRounds "7"]
[EventCountry "CAN"]

1. e4 c5 2. Nf3 d6 3. d4 cxd4 4. Nxd4 Nf6 5. Nc3 a6 6. Bg5 e6 7. Qf3 Nbd7 8.
Be2 Be7 9. Qg3 Qc7 10. a4 b6 11. f4 Bb7 12. Qe3 Rc8 13. O-O O-O 14. Rae1 Rfd8
15. Kh1 Qc5 16. Bf3 Rc7 17. Rd1 Qb4 18. Nb3 Nc5 19. Rd4 Qxd4 20. Nxd4 Rdc8 21.
Rd1 h6 22. Bxf6 Bxf6 23. e5 dxe5 24. fxe5 Bg5 25. Qf2 Bxf3 26. Qxf3 Nd7 27. Nc6
Nc5 28. Nb4 a5 29. Nd3 Nd7 30. Kg1 Rd8 31. Qe2 Kf8 32. Nb5 Rc6 33. c3 Kg8 34.
Qe4 Rcc8 35. Nd6 Rc7 36. Rf1 Rf8 37. Qg4 Nc5 38. Nxc5 Be3+ 39. Kh1 Bxc5 40. Ne4
Be7 41. Rd1 Kh8 42. Nd6 Kg8 43. Kg1 Rc5 44. Nc4 Rfc8 45. b3 R5c7 46. Kf1 Rb8
47. Qe4 Rbb7 48. Ke2 Rb8 49. Kd3 Rd8+ 50. Kc2 Rb8 51. Rd3 Bc5 52. Qe1 Kh8 53.
Qd1 Rcc8 54. Rd7 Kg8 55. Qf3 Rf8 56. Nd6 Bxd6 57. Rxd6 Kh7 58. Rd7 Kg8 59. Rb7
Rbc8 60. Rxb6 Rc5 61. Rb5 Rxc3+ 62. Qxc3 Rc8 63. Qxc8+ 1-0

[Event "CYCC U12"]
[Site "Quebec CAN"]
[Date "2018.07.04"]
[Round "6.66"]
[White "Windram, James"]
[Black "Gu, Chuyang"]
[Result "1-0"]
[WhiteElo "1803"]
[BlackElo "1911"]
[PlyCount "65"]
[EventDate "2018.07.02"]
[EventType "swiss"]
[EventRounds "7"]
[EventCountry "CAN"]

1. e4 c5 2. Nf3 d6 3. c4 Nf6 4. Nc3 Nc6 5. d4 cxd4 6. Nxd4 g6 7. Be2 Bg7 8. Be3
O-O 9. O-O Bd7 10. Qd2 Rc8 11. b3 Qa5 12. Rfd1 Bg4 13. f3 Bd7 14. Rac1 a6 15.
a4 Rfd8 16. Kh1 Be8 17. Qc2 Nb8 18. Qb1 Nc6 19. Nxc6 bxc6 20. b4 Qc7 21. a5 Nd7
22. c5 dxc5 23. Bxa6 Ra8 24. b5 cxb5 25. Nd5 Qe5 26. f4 Qh5 27. Bxb5 Nf6 28.
Nxe7+ Kh8 29. Rxd8 Rxd8 30. Bxc5 Bxb5 31. Qxb5 Nxe4 32. Qb6 Nxc5 33. Qxd8+ 1-0

[Event "CYCC U12"]
[Site "Quebec CAN"]
[Date "2018.07.04"]
[Round "6.67"]
[White "Zhang, Chu Hang"]
[Black "Guipi Bopala, Prince Eric jr"]
[Result "1-0"]
[WhiteElo "1557"]
[BlackElo "1829"]
[PlyCount "87"]
[EventDate "2018.07.02"]
[EventType "swiss"]
[EventRounds "7"]
[EventCountry "CAN"]

1. e4 e5 2. Nf3 Nc6 3. d4 exd4 4. Bc4 Nf6 5. e5 d5 6. Bb5 Ne4 7. Nxd4 Bd7 8.
Bxc6 bxc6 9. O-O Ng5 10. f4 Ne4 11. Nd2 Nxd2 12. Bxd2 c5 13. e6 cxd4 14. exd7+
Qxd7 15. Re1+ Be7 16. Bb4 O-O 17. Rxe7 Qb5 18. Qxd4 Rfc8 19. Bc3 Qb6 20. Rae1
Qxd4+ 21. Bxd4 c5 22. Bxc5 h6 23. b4 a5 24. a3 axb4 25. axb4 Ra2 26. c3 Rc2 27.
Bd4 Ra8 28. Re8+ Rxe8 29. Rxe8+ Kh7 30. b5 Rb2 31. b6 Kg6 32. Re5 Rb5 33. Kf2
f6 34. c4 Rb4 35. Rxd5 Rxc4 36. Rb5 Rxd4 37. b7 Rd8 38. b8=Q Rxb8 39. Rxb8 Kf5
40. Kf3 g5 41. g4+ Kg6 42. f5+ Kf7 43. Rb7+ Kg8 44. Ke4 1-0

[Event "CYCC U12"]
[Site "Quebec CAN"]
[Date "2018.07.04"]
[Round "6.68"]
[White "Srinivasan, Hemant"]
[Black "Ivanescu, Mark"]
[Result "1-0"]
[WhiteElo "1468"]
[BlackElo "1962"]
[PlyCount "53"]
[EventDate "2018.07.02"]
[EventType "swiss"]
[EventRounds "7"]
[EventCountry "CAN"]

1. d4 Nf6 2. c4 g6 3. Nc3 d6 4. e4 Bg7 5. Nf3 O-O 6. Be2 e5 7. O-O Nc6 8. d5
Ne7 9. Ne1 Nd7 10. Nd3 f5 11. b4 a5 12. bxa5 Rxa5 13. a4 Nf6 14. f3 c6 15. Bd2
Ra8 16. Qb3 Qc7 17. c5 cxd5 18. cxd6 Qxd6 19. Nb5 Qb6+ 20. Kh1 fxe4 21. fxe4
Nxe4 22. Bb4 Nf2+ 23. Nxf2 Rxf2 24. Rxf2 Qxf2 25. Bxe7 Qxe2 26. Qxd5+ Kh8 27.
Qd8+ 1-0

[Event "CYCC U12"]
[Site "Quebec CAN"]
[Date "2018.07.04"]
[Round "6.69"]
[White "Joseph Benher, Savio"]
[Black "Lin, Felix"]
[Result "1-0"]
[WhiteElo "1746"]
[BlackElo "1470"]
[PlyCount "187"]
[EventDate "2018.07.02"]
[EventType "swiss"]
[EventRounds "7"]
[EventCountry "CAN"]

1. e4 c5 2. Nf3 d6 3. d4 cxd4 4. Qxd4 a6 5. c4 Nc6 6. Qe3 Nf6 7. Nc3 e6 8. Be2
Be7 9. O-O O-O 10. Rd1 Qc7 11. h3 b6 12. b3 Bb7 13. Bb2 Nb4 14. Rac1 Rac8 15.
Bd3 Nxd3 16. Qxd3 Qc6 17. Nd4 Qc7 18. Qe3 Rfd8 19. Ba3 h6 20. Bb2 Nd7 21. Qg3
Bf6 22. Qe3 Ne5 23. Ba1 Ng6 24. Bb2 Bg5 25. Qg3 Bxc1 26. Bxc1 Qe7 27. Be3 Qh4
28. Qf3 Ne5 29. Qe2 Qf6 30. f3 Nc6 31. Qd2 Ne7 32. Nde2 d5 33. Bxb6 Rd6 34. c5
Rd7 35. exd5 Nxd5 36. Nxd5 Rxd5 37. Qe1 Rxd1 38. Qxd1 Qe5 39. Kf2 Bd5 40. Qd3
Ra8 41. Nc3 Kf8 42. Nxd5 Qxd5 43. Qxd5 exd5 44. Ke3 Ke7 45. Kd4 Ke6 46. b4 f5
47. g3 g5 48. a4 h5 49. a5 f4 50. gxf4 gxf4 51. c6 Kd6 52. c7 Rc8 53. Kd3 Ke5
54. Bd4+ Kf5 55. Bb6 Ke6 56. Kd4 Kd6 57. Kd3 Re8 58. Kd4 Rg8 59. Kd3 h4 60. Kd4
Rc8 61. Kd3 Re8 62. Kd4 Rg8 63. Kd3 Kd7 64. Kd4 Rg5 65. Kc5 Kc8 66. b5 axb5 67.
Kxb5 Rg2 68. Kc5 Ra2 69. Kxd5 Ra4 70. Ke5 Rb4 71. Kf5 Rc4 72. Kg4 Rc6 73. Kxh4
Rf6 74. Kg5 Rf8 75. h4 Rg8+ 76. Kxf4 Rf8+ 77. Kg4 Rg8+ 78. Kh3 Rh8 79. f4 Kb7
80. f5 Rg8 81. h5 Rg5 82. Kh4 Rxf5 83. h6 Rf8 84. Kh5 Rh8 85. Kg6 Ka6 86. h7
Kb7 87. Kg7 Rc8 88. h8=Q Rxh8 89. Kxh8 Kc8 90. Kg7 Kb7 91. Kf8 Kc8 92. Ke8 Kb7
93. Kd7 Ka6 94. c8=Q+ 1-0

[Event "CYCC U12"]
[Site "Quebec CAN"]
[Date "2018.07.04"]
[Round "6.70"]
[White "Ran, Charles"]
[Black "Moisan, Pier-Philippe"]
[Result "1-0"]
[WhiteElo "1741"]
[BlackElo "1332"]
[PlyCount "149"]
[EventDate "2018.07.02"]
[EventType "swiss"]
[EventRounds "7"]
[EventCountry "CAN"]

1. e4 e5 2. Nf3 Nf6 3. Nxe5 Qe7 4. d4 d6 5. Nf3 Qxe4+ 6. Be3 Nc6 7. Bd3 Qg4 8.
O-O Be7 9. h3 Qh5 10. Nc3 Nb4 11. Be2 Qg6 12. Rc1 Qf5 13. a3 Nc6 14. Nb5 Bd8
15. Bd3 Qh5 16. Bg5 a6 17. Bxf6 gxf6 18. Re1+ Kf8 19. Nc3 Rg8 20. Kh2 d5 21.
Qe2 Be7 22. Ng1 Bd6+ 23. g3 Bg4 24. Qe3 Bd7 25. Qf3 Qxf3 26. Nxf3 Be6 27. Re2
Rh8 28. Kg2 Rg8 29. Rh1 h6 30. Rd1 Re8 31. Rde1 Ne7 32. Nh4 c6 33. b4 Nc8 34.
Bf5 Kg7 35. Bxe6 fxe6 36. Nf5+ Kg6 37. Nxd6 Nxd6 38. Rxe6 Rxe6 39. Rxe6 Nc4 40.
Nb1 h5 41. Re7 Rg7 42. Re2 Kf7 43. Kf1 Rh7 44. c3 Rh6 45. Ra2 h4 46. g4 Kg6 47.
Nd2 Nd6 48. a4 Rh7 49. Ra1 Rf7 50. Re1 b5 51. a5 Nc4 52. Nxc4 bxc4 53. Re6 Rc7
54. Re8 f5 55. f3 Rf7 56. Kg2 f4 57. Ra8 Re7 58. Rxa6 Re2+ 59. Kg1 Re3 60.
Rxc6+ Kg5 61. Kf2 Rxc3 62. a6 Rc2+ 63. Ke1 Ra2 64. b5 Ra1+ 65. Kd2 Ra3 66. b6
Rxa6 67. b7 Rxc6 68. b8=Q Re6 69. Qg8+ Rg6 70. Qxd5+ Kh6 71. Qxc4 Rg5 72. d5
Re5 73. Qc6+ Kg5 74. Qd7 Re3 75. Qg7# 1-0

[Event "CYCC U12"]
[Site "Quebec CAN"]
[Date "2018.07.04"]
[Round "6.71"]
[White "Liu, Harry"]
[Black "Gao, William"]
[Result "1/2-1/2"]
[WhiteElo "1651"]
[BlackElo "1465"]
[PlyCount "63"]
[EventDate "2018.07.02"]
[EventType "swiss"]
[EventRounds "7"]
[EventCountry "CAN"]

1. d4 Nf6 2. Bf4 e6 3. Nf3 b6 4. e3 Bb7 5. Nbd2 Be7 6. Bd3 O-O 7. c3 d6 8. Qe2
Re8 9. O-O Nbd7 10. e4 Nf8 11. Rad1 Ng6 12. Bg3 Nh5 13. Bc2 a5 14. Rfe1 Nxg3
15. hxg3 Ba6 16. Bd3 Bxd3 17. Qxd3 d5 18. exd5 exd5 19. Nf1 c6 20. Ne3 b5 21.
Nf5 b4 22. Rc1 bxc3 23. Nxe7+ Rxe7 24. Qxc3 Rc8 25. Rxe7 Nxe7 26. Ne5 Qd6 27.
Qc5 Qxc5 28. Rxc5 f6 29. Nf3 Ra8 30. g4 Kf7 31. Kf1 Ke6 32. Ke2 1/2-1/2

[Event "CYCC U12"]
[Site "Quebec CAN"]
[Date "2018.07.04"]
[Round "6.72"]
[White "Fedyushchenko, Alexander"]
[Black "Zhang, Henry X"]
[Result "0-1"]
[WhiteElo "1278"]
[BlackElo "1551"]
[PlyCount "110"]
[EventDate "2018.07.02"]
[EventType "swiss"]
[EventRounds "7"]
[EventCountry "CAN"]

1. e4 c5 2. Nf3 e6 3. d4 cxd4 4. Nxd4 Nc6 5. Nc3 Qc7 6. a3 a6 7. Bc4 b5 8. Bb3
Bb7 9. O-O Nf6 10. h3 Be7 11. Be3 O-O 12. f4 d6 13. Qe2 Na5 14. Bxe6 Bxe4 15.
Nxe4 Nxe4 16. Qf3 Nf6 17. Qg3 Kh8 18. Rad1 Nc6 19. Nf5 Nh5 20. Qg4 fxe6 21.
Nxe7 Nf6 22. Qxe6 Qxe7 23. Rxd6 Qxe6 24. Rxe6 Rac8 25. Rd1 Rfe8 26. Rxe8+ Rxe8
27. Bb6 h6 28. Kf2 Ne7 29. Ba5 Ned5 30. g3 Ne3 31. Rd6 Ne4+ 32. Kxe3 Nxd6+ 33.
Kd4 Nf5+ 34. Kc5 Rc8+ 35. Kb6 Rxc2 36. Bc3 Nxg3 37. Kxa6 Ne4 38. Be5 Rc5 39.
Ka5 Kg8 40. b4 Rd5 41. a4 bxa4+ 42. Kxa4 Kf7 43. b5 Rxe5 44. fxe5 Nc3+ 45. Ka5
Nxb5 46. Kxb5 Ke6 47. Kc6 Kxe5 48. Kd7 g5 49. Ke7 h5 50. Kf7 g4 51. h4 g3 52.
Kg6 g2 53. Kxh5 g1=Q 54. Kh6 Kf6 55. h5 Qg7# 0-1

[Event "CYCC U12"]
[Site "Quebec CAN"]
[Date "2018.07.04"]
[Round "6.73"]
[White "Liu, Henry"]
[Black "Chen, Derek"]
[Result "1-0"]
[WhiteElo "1545"]
[BlackElo "1286"]
[PlyCount "125"]
[EventDate "2018.07.02"]
[EventType "swiss"]
[EventRounds "7"]
[EventCountry "CAN"]

1. c4 c5 2. Nc3 Nc6 3. g3 g6 4. Bg2 Bg7 5. Nf3 Nf6 6. O-O O-O 7. d4 cxd4 8.
Nxd4 e5 9. Nxc6 dxc6 10. Qb3 Qc7 11. Bg5 Bf5 12. Rfd1 Nd7 13. Be7 Rfe8 14. Bd6
Qb6 15. Ne4 Bxe4 16. Bxe4 Nf6 17. Bg2 Rad8 18. Qxb6 axb6 19. Bc7 Rxd1+ 20. Rxd1
b5 21. cxb5 cxb5 22. Bxb7 h6 23. Bc6 Re7 24. Bd6 Ra7 25. Bxe5 Rxa2 26. Bxb5 Ra5
27. Rd8+ Kh7 28. Rb8 Nd7 29. Bxd7 Bxe5 30. Rb7 Ra2 31. b3 Rxe2 32. Bb5 Re1+ 33.
Kg2 Kg7 34. Bc4 Bc3 35. Rxf7+ Kh8 36. Rc7 Rd1 37. Bf7 Bg7 38. Bxg6 Rd8 39. Bf5
Rf8 40. Rc8 Rxc8 41. Bxc8 Kg8 42. b4 Kf8 43. b5 Ke8 44. b6 Kd8 45. b7 Kc7 46.
f4 Bf6 47. Kf3 h5 48. h4 Be7 49. Ke4 Bd6 50. Kf5 Kd8 51. Kg6 Ke8 52. Kxh5 Kf8
53. Kg6 Kg8 54. h5 Kh8 55. Kf5 Kg7 56. g4 Kh7 57. g5 Kg7 58. h6+ Kh8 59. g6 Bb8
60. g7+ Kh7 61. Be6 Kxh6 62. g8=Q Bxf4 63. Qg6# 1-0

[Event "CYCC U12"]
[Site "Quebec CAN"]
[Date "2018.07.04"]
[Round "6.74"]
[White "Xie, Austin"]
[Black "Adam, Rafael"]
[Result "1-0"]
[WhiteElo "1494"]
[BlackElo "1270"]
[PlyCount "59"]
[EventDate "2018.07.02"]
[EventType "swiss"]
[EventRounds "7"]
[EventCountry "CAN"]

1. e4 c5 2. Nc3 d6 3. f4 Nc6 4. Bb5 Bd7 5. Bxc6 Bxc6 6. Nf3 e6 7. d3 d5 8. e5
d4 9. Ne4 Bxe4 10. dxe4 Ne7 11. O-O Nc6 12. Bd2 b5 13. f5 exf5 14. exf5 a6 15.
Bg5 Be7 16. f6 gxf6 17. exf6 Bxf6 18. Ne5 Bxg5 19. Nxc6 Be3+ 20. Kh1 Qc7 21.
Qf3 Rc8 22. Qe4+ Kf8 23. Ne5 Re8 24. Rf5 Rg8 25. Qd5 Rg7 26. Nd7+ Kg8 27. Nf6+
Kf8 28. Nxe8 Kxe8 29. Re5+ Kf8 30. Qa8+ 1-0

[Event "CYCC U12"]
[Site "Quebec CAN"]
[Date "2018.07.04"]
[Round "6.75"]
[White "Bui, Alan"]
[Black "Jiang, David"]
[Result "1/2-1/2"]
[WhiteElo "1676"]
[BlackElo "1029"]
[PlyCount "50"]
[EventDate "2018.07.02"]
[EventType "swiss"]
[EventRounds "7"]
[EventCountry "CAN"]

1. d4 Nf6 2. Nf3 g6 3. c4 Bg7 4. Nc3 O-O 5. e4 d6 6. Be2 e5 7. d5 Bd7 8. O-O
Ne8 9. b4 Na6 10. Ba3 f5 11. Nd2 f4 12. c5 dxc5 13. bxc5 c6 14. Qb3 Kh8 15.
Rfd1 Rb8 16. Qc2 Nac7 17. Nc4 cxd5 18. exd5 Bf5 19. Qd2 Rf7 20. Rac1 Rd7 21. d6
Ne6 22. Nb5 a6 23. Nc3 Nd4 24. Nb6 Rf7 25. Bc4 Qg5 1/2-1/2

[Event "CYCC U12"]
[Site "Quebec CAN"]
[Date "2018.07.04"]
[Round "6.76"]
[White "Wang, Daniel"]
[Black "Imoo, Joshua"]
[Result "0-1"]
[WhiteElo "1271"]
[BlackElo "1562"]
[PlyCount "62"]
[EventDate "2018.07.02"]
[EventType "swiss"]
[EventRounds "7"]
[EventCountry "CAN"]

1. e4 e5 2. Nf3 Nf6 3. Nc3 Nc6 4. Bc4 Be7 5. d3 d6 6. h3 O-O 7. O-O Be6 8. Bb3
Qd7 9. Nd5 Na5 10. Nxe7+ Qxe7 11. Re1 Nxb3 12. axb3 c5 13. Be3 Nd7 14. b4 b6
15. bxc5 dxc5 16. c3 f5 17. Ra4 b5 18. Ra5 a6 19. Ng5 h6 20. Nxe6 Qxe6 21. Qa1
f4 22. Bd2 f3 23. Qa2 c4 24. Ra1 Nc5 25. dxc4 Qg6 26. cxb5+ Kh7 27. g3 Nxe4 28.
Be3 Nxg3 29. fxg3 Qxg3+ 30. Kf1 Qg2+ 31. Ke1 Qe2# 0-1

[Event "CYCC U12"]
[Site "Quebec CAN"]
[Date "2018.07.04"]
[Round "6.79"]
[White "Roy, Benjamin"]
[Black "Chen, Richard"]
[Result "0-1"]
[WhiteElo "1302"]
[BlackElo "1221"]
[PlyCount "98"]
[EventDate "2018.07.02"]
[EventType "swiss"]
[EventRounds "7"]
[EventCountry "CAN"]

1. d4 Nf6 2. c4 g6 3. Nc3 Bg7 4. e4 d6 5. Nf3 O-O 6. Be2 Nbd7 7. O-O b6 8. Be3
Bb7 9. d5 Nc5 10. e5 Nfe4 11. Bxc5 Nxc5 12. b4 Nd7 13. e6 Bxc3 14. exd7 Qxd7
15. a3 Bxa1 16. Qxa1 Qf5 17. Nh4 Qf6 18. Qxf6 exf6 19. f4 f5 20. g4 fxg4 21. f5
g5 22. Ng2 f6 23. Bxg4 Rae8 24. h4 h6 25. Bh5 Re5 26. Bg6 Kg7 27. h5 Ra8 28.
Ne1 Bc8 29. Nf3 Re4 30. Kh1 Bd7 31. Nd2 Re3 32. a4 Bxa4 33. b5 a6 34. Ra1 axb5
35. cxb5 Rd3 36. Nc4 Rd1+ 37. Rxd1 Bxd1 38. Kg2 Be2 39. Nb2 Bxb5 40. Nd1 Be8
41. Nc3 Bf7 42. Nb5 Bxd5+ 43. Kf2 Ra2+ 44. Ke3 Rc2 45. Nd4 Rc3+ 46. Kd2 Rc4 47.
Ne6+ Bxe6 48. fxe6 Kf8 49. Kd3 Rc5 0-1

[Event "CYCC U12"]
[Site "Quebec CAN"]
[Date "2018.07.04"]
[Round "6.80"]
[White "Gaisinsky, Jacob"]
[Black "Zhang, Charlie"]
[Result "1-0"]
[WhiteElo "1058"]
[BlackElo "999"]
[PlyCount "101"]
[EventDate "2018.07.02"]
[EventType "swiss"]
[EventRounds "7"]
[EventCountry "CAN"]

1. e4 e5 2. Nf3 Nc6 3. Bc4 Bc5 4. c3 Nf6 5. d4 exd4 6. cxd4 Bb4+ 7. Nc3 Nxe4 8.
O-O O-O 9. Nxe4 d5 10. a3 Be7 11. Ba2 dxe4 12. Ne1 Nxd4 13. Be3 Nf5 14. Qc2
Nxe3 15. fxe3 Bg5 16. Qxe4 Qd2 17. Nc2 g6 18. Bxf7+ Rxf7 19. Qe8+ Kg7 20. Qxf7+
Kh6 21. Qb3 Bf5 22. Rf2 Qd6 23. Raf1 Rf8 24. e4 Qc5 25. exf5 Rxf5 26. Qh3+ Kg7
27. Qc3+ Qxc3 28. bxc3 Rxf2 29. Rxf2 c6 30. Kf1 Bf6 31. c4 Be5 32. Re2 Bd6 33.
a4 Kf7 34. g4 Bxh2 35. Rxh2 Kg7 36. Rd2 a6 37. Rd6 Kf8 38. Rd7 b5 39. axb5 cxb5
40. cxb5 axb5 41. Rxh7 Kg8 42. Ra7 b4 43. Kf2 g5 44. Kf3 b3 45. Na3 b2 46. Ke4
b1=Q+ 47. Nxb1 Kh8 48. Kf5 Kg8 49. Kf6 Kh8 50. Kg6 Kg8 51. Ra8# 1-0

[Event "CYCC U12"]
[Site "Quebec CAN"]
[Date "2018.07.04"]
[Round "6.81"]
[White "Tso, Kevin"]
[Black "Ripley, Noah"]
[Result "1/2-1/2"]
[WhiteElo "634"]
[BlackElo "1184"]
[PlyCount "121"]
[EventDate "2018.07.02"]
[EventType "swiss"]
[EventRounds "7"]
[EventCountry "CAN"]

1. e4 e5 2. Nf3 Nc6 3. Bb5 a6 4. Bxc6 dxc6 5. O-O Bd6 6. d4 exd4 7. Nxd4 Nf6 8.
f3 O-O 9. Be3 Be5 10. Nc3 Qe7 11. f4 Bxd4 12. Bxd4 Nxe4 13. Re1 Bf5 14. g4 Nxc3
15. Rxe7 Nxd1 16. gxf5 c5 17. Bxc5 Nxb2 18. Rxc7 Rfb8 19. Bd4 Na4 20. Re1 b5
21. Ree7 Rf8 22. c4 Rad8 23. Red7 Rxd7 24. Rxd7 bxc4 25. Rc7 c3 26. Rc4 Nb2 27.
Rxc3 h6 28. Rg3 f6 29. Bxb2 Rb8 30. Rb3 Rc8 31. h4 Rc5 32. Rb6 Rxf5 33. Bc1 Rc5
34. Be3 Ra5 35. Rb2 Ra3 36. Bd4 Kf7 37. Kf2 Kg6 38. Be3 Kh5 39. Kf3 Kg6 40. Re2
Kh5 41. Ke4 Ra4+ 42. Kd5 Kxh4 43. Ke6 Kg3 44. Bc1 Rc4 45. Bd2 Rc2 46. a4 a5 47.
Kf5 Ra2 48. Kg6 Rxa4 49. Kxg7 f5 50. Re3+ Kg4 51. Kf6 Ra2 52. Bc1 Rc2 53. Re1
Rc6+ 54. Ke5 Rc3 55. Bd2 Rc5+ 56. Kd4 Rc2 57. Kd3 Rb2 58. Bxa5 Kxf4 59. Bd2+
Kg3 60. Bxh6 f4 61. Bxf4+ 1/2-1/2

[Event "CYCC U12"]
[Site "Quebec CAN"]
[Date "2018.07.04"]
[Round "6.82"]
[White "Eirew, David"]
[Black "Parent, Etienne"]
[Result "1-0"]
[WhiteElo "708"]
[BlackElo "1024"]
[PlyCount "73"]
[EventDate "2018.07.02"]
[EventType "swiss"]
[EventRounds "7"]
[EventCountry "CAN"]

1. e4 e5 2. Nf3 Nc6 3. Bc4 Bc5 4. c3 d6 5. d4 exd4 6. cxd4 Bb4+ 7. Bd2 Bxd2+ 8.
Nbxd2 Nf6 9. O-O Bg4 10. Re1 O-O 11. Qc2 Nb4 12. Qb3 c5 13. a3 Nc6 14. dxc5
dxc5 15. Qxb7 Na5 16. Qb5 Bxf3 17. Nxf3 Qb6 18. Qxb6 axb6 19. Ba2 Rad8 20. h3
Nc6 21. e5 Nd7 22. e6 Nf6 23. exf7+ Kh8 24. Re6 Nd4 25. Rxb6 Nc2 26. Rc1 Nd4
27. Ng5 Ne2+ 28. Kh2 Nxc1 29. Bc4 h6 30. Ne6 Nd7 31. Rb7 Ne5 32. Nxd8 Nxc4 33.
Ne6 Nd6 34. Nxf8 Nxb7 35. Ne6 Nd6 36. f8=Q+ Kh7 37. Qxg7# 1-0